Statistics for guess the fan made roblox doors monsters

Click here to take the quiz!

General Stats

  • This quiz has been taken 97 times
  • The average score is 3 of 12

Answer Stats

HintAnswer% Correct
Items glow purpleGreed
76%
This monster is often thought to be like Rush and AmbushDepth
70%
The room has floating items and is purple and darkSilence
61%
Actually an unreleased monster from another horror game called „rooms“, it‘s red and acts like rush (this isnt really a fanmade but i thought it would be cool to add)A-60
57%
Timothy but a cockroach and scarier jumpscare, and is Timothy‘s best friendJohnny
11%
Makes lights fake flickerTease
11%
It will make a breathing sound and once you enter next room eyes will flash on your screen 3 times and if it turns red you need to stand still, this repeats until you reach next roomPetrify
9%
Only appears in dark rooms, Its signs of approch is a screeching noiseAlert
7%
A distortion effect will affect the player‘s screen and the player will be slow and chased by this monsterDistort
7%
Look at it, or it will approach. Appears more often in rooms: 10, 20, 30 and 40Phantom
7%
A statue that appears with copies of itself in a room, 1 statue is real and can kill youRockify
7%
If you look at it, you instantly die and it makes noises to try to make you look at itSpeaker
7%

Score Distribution

Percentile by Number Answered

Percent of People with Each Score

Your Score History

You have not taken this quiz